000 00789nam a2200229Ii 4500
003 JO-AjNU
008 230605s9999||||xx |||||||||||||| ||und||
017 _a201/1/2020
020 _a978-9957-91-714-2
040 _aJO-AjNU
_bara
_erda
_cJO-AjNU
041 _aara
050 1 4 _aHD30.2.2021
100 3 _aالزعبي، حسن علي,
_eauthor
_963987
245 0 0 _aالذكاء التنافسي=COMPETITIVE INTELLIGENCE
250 _aط1
264 3 1 _aعمان: دار وائل للنشر والتوزيع، 2021
300 _a80ص
336 _atext
_btxt
_2rdacontent
337 _aunmediated
_bn
_2rdamedia
338 _avolume
_bnc
_2rdacarrier
650 4 _aادارة المعلومات-التنافسية-اتخاذ القرارات-الادارة التنفيذية
_963988
999 _aA29052
_c32620
_d32620